000 00807nam a2200253Ia 4500
003 OSt
005 20221005104205.0
006 a|||||r|||| 00| 0
007 ta
008 221004b |||||||| |||| 00| 0 hin d
024 _a107549
037 _cTextual
040 _aCRL
_cCRL
_bhin
041 _2hin
_ahin
082 _aO152,6N15x, J5
100 _aनगेन्द्र
245 0 _aविचार और विश्लेषण
246 _aVichār aur vishleṣhaṇa
260 _aदिल्ली
_bनैशनल पब्लिशिंग हाउस भारत
_c1955
300 _a172पृ0
_ccm.
650 _aहिन्दी साहित्य
942 _hO152,6N15x, J5
_cTEXL
_2cc
999 _c1011989
_d1011989